[Event "13. Open Popular Bahia de los Naranjos"]
[Site "Cullera ESP"]
[Date "2010.07.30"]
[Round "6.4"]
[White "Del Arco Gimeno, Juan"]
[Black "Gerona Maura, Jesus"]
[Result "1-0"]
[WhiteElo "1950"]
[BlackElo "2044"]
[PlyCount "85"]
[EventDate "2010.07.26"]
[EventType "swiss"]
[EventRounds "8"]
[EventCountry "ESP"]
[Source "lmi"]
[SourceDate "2010.07.26"]

1. e4 c5 2. Nf3 Nc6 3. d4 cxd4 4. Nxd4 g6 5. Nxc6 bxc6 6. Bd3 Bg7 7. O-O Qb6 8.
c3 Ba6 9. b3 Bxd3 10. Qxd3 Nf6 11. Bb2 d5 12. Nd2 Rd8 13. Qe2 O-O 14. Rad1 e6
15. e5 Nd7 16. Nf3 c5 17. Qe3 c4 18. Rfe1 Rb8 19. Ba3 Rfc8 20. Bd6 Qxe3 21.
Rxe3 Bh6 22. Bxb8 Bxe3 23. Bd6 Bc5 24. Bxc5 Rxc5 25. b4 Rc8 26. a4 h6 27. Re1
Nb6 28. Ra1 Nd7 29. h4 f5 30. g3 Kf7 31. Kf1 Nb8 32. Nd4 Ke7 33. a5 Nd7 34. f4
a6 35. Ke2 g5 36. hxg5 hxg5 37. Rh1 Rg8 38. Rh7+ Ke8 39. Nxe6 gxf4 40. gxf4
Rg2+ 41. Ke3 Rc2 42. Nc7+ Kd8 43. Nxd5 1-0

[Event "13. Open Popular Bahia de los Naranjos"]
[Site "Cullera ESP"]
[Date "2010.07.30"]
[Round "6.5"]
[White "Marco Catala, Juan Bautista"]
[Black "Martinez Tormo, Jorge"]
[Result "0-1"]
[WhiteElo "1886"]
[BlackElo "2175"]
[PlyCount "62"]
[EventDate "2010.07.26"]
[EventType "swiss"]
[EventRounds "8"]
[EventCountry "ESP"]
[Source "lmi"]
[SourceDate "2010.07.26"]

1. Nf3 d5 2. g3 g6 3. Bg2 Bg7 4. d4 Nf6 5. O-O O-O 6. Nbd2 b6 7. b3 Bb7 8. Ba3
Nbd7 9. Rb1 c5 10. e3 Re8 11. c4 e6 12. dxc5 Nxc5 13. b4 Nce4 14. Rb3 dxc4 15.
Nxc4 Bd5 16. Rd3 Qc7 17. Nce5 Bxa2 18. Qe2 Bd5 19. Rc1 Qb7 20. Nd4 Rac8 21. f3
Nd6 22. e4 Bc4 23. Nxc4 Nxc4 24. Rcd1 Nxa3 25. Rxa3 Bf8 26. Qb2 a5 27. Nc2 e5
28. Rad3 Qc6 29. R1d2 axb4 30. f4 exf4 31. e5 Qc5+ 0-1

[Event "13. Open Popular Bahia de los Naranjos"]
[Site "Cullera ESP"]
[Date "2010.07.30"]
[Round "6.9"]
[White "Garcia Cervera, Manuel Miguel"]
[Black "Nieves Cabanes, Javier"]
[Result "0-1"]
[WhiteElo "1979"]
[BlackElo "1754"]
[PlyCount "68"]
[EventDate "2010.07.26"]
[EventType "swiss"]
[EventRounds "8"]
[EventCountry "ESP"]
[Source "lmi"]
[SourceDate "2010.07.26"]

1. d4 Nf6 2. c4 d6 3. Nc3 Nbd7 4. e4 g6 5. f4 c5 6. d5 Bg7 7. Nf3 O-O 8. Bd3 e6
9. dxe6 fxe6 10. Ng5 Nb6 11. O-O d5 12. e5 Ne8 13. Nxh7 Kxh7 14. Qh5+ Kg8 15.
Bxg6 Rf5 16. Bxf5 exf5 17. cxd5 Nc7 18. e6 Nbxd5 19. Qf7+ Kh8 20. Rf3 Nf6 21.
Rh3+ Nh7 22. Qxf5 Qg8 23. Qc2 Nxe6 24. Nd5 Nd4 25. Ne7 Bf8 26. Nxg8 Nxc2 27.
Rg3 Nxa1 28. Bd2 Nc2 29. f5 Nd4 30. Kh1 Bxf5 31. Bf4 Bg7 32. Ne7 Re8 33. Bd6
Nf6 34. h3 Ne4 0-1

[Event "13. Open Popular Bahia de los Naranjos"]
[Site "Cullera ESP"]
[Date "2010.07.31"]
[Round "7.1"]
[White "Bas Mas, Jose Joaquin"]
[Black "Remolar Gallen, Jose"]
[Result "1-0"]
[WhiteElo "2030"]
[BlackElo "1983"]
[PlyCount "75"]
[EventDate "2010.07.26"]
[EventType "swiss"]
[EventRounds "8"]
[EventCountry "ESP"]
[Source "lmi"]
[SourceDate "2010.07.26"]

1. e4 c5 2. Nf3 Nc6 3. c4 e5 4. Nc3 g6 5. d3 Bg7 6. Be2 d6 7. O-O Nge7 8. Nd5
O-O 9. Rb1 h6 10. Bd2 a5 11. h3 f5 12. Nh2 f4 13. Bg4 Nxd5 14. cxd5 Nd4 15. Bc3
Qg5 16. Bxd4 Bxg4 17. Qxg4 Qxg4 18. hxg4 exd4 19. Nf3 a4 20. Rfe1 Rfe8 21. Re2
b5 22. Rc1 Kf7 23. Kf1 Rac8 24. Nd2 Re7 25. Nb1 Bf6 26. f3 Bh4 27. Na3 Rb8 28.
e5 c4 29. dxc4 d3 30. e6+ Kf8 31. Re4 bxc4 32. Rxf4+ Kg8 33. Nxc4 Bg5 34. Rf7
Bxc1 35. Rxe7 Bxb2 36. Nxd6 Be5 37. Ne4 Bg3 38. Nf6+ 1-0

[Event "13. Open Popular Bahia de los Naranjos"]
[Site "Cullera ESP"]
[Date "2010.07.31"]
[Round "7.2"]
[White "Martinez Tormo, Jorge"]
[Black "Cabero Feliciano, Guillermo"]
[Result "1-0"]
[WhiteElo "2175"]
[BlackElo "2080"]
[PlyCount "99"]
[EventDate "2010.07.26"]
[EventType "swiss"]
[EventRounds "8"]
[EventCountry "ESP"]
[Source "lmi"]
[SourceDate "2010.07.26"]

1. e4 e5 2. Nf3 Nc6 3. Bc4 Nf6 4. d3 Be7 5. O-O O-O 6. Re1 d6 7. c3 h6 8. Nbd2
Kh8 9. Nf1 Na5 10. Bb5 Bd7 11. Bxd7 Qxd7 12. d4 Nc6 13. d5 Nb8 14. Ng3 Ng8 15.
Nf5 Rd8 16. h3 Bf8 17. g4 g6 18. Ng3 a5 19. Nh2 f6 20. f4 Qh7 21. h4 exf4 22.
Bxf4 Nd7 23. h5 g5 24. Bd2 Ne5 25. b3 Ne7 26. c4 b6 27. Bc3 Bg7 28. Nhf1 Qg8
29. Ne3 Qe8 30. a4 Qd7 31. Kh2 Ra7 32. Kh3 Kh7 33. Ne2 Rf8 34. Nd4 Rf7 35. Rf1
Bf8 36. Ra2 Ng8 37. Raf2 Ra8 38. Nef5 Qe8 39. Nb5 Qd7 40. Ng3 Rd8 41. c5 bxc5
42. Bxa5 Rc8 43. Bc3 Re7 44. Nf5 Ree8 45. Bxe5 Rxe5 46. Qd3 Rce8 47. Ng3 Ra8
48. Na3 Ree8 49. e5+ Kg7 50. e6 1-0

[Event "13. Open Popular Bahia de los Naranjos"]
[Site "Cullera ESP"]
[Date "2010.07.31"]
[Round "7.4"]
[White "Muñoz Orts, German"]
[Black "Montoliu Cervero, Angel"]
[Result "1-0"]
[WhiteElo "2199"]
[BlackElo "1636"]
[PlyCount "73"]
[EventDate "2010.07.26"]
[EventType "swiss"]
[EventRounds "8"]
[EventCountry "ESP"]
[Source "lmi"]
[SourceDate "2010.07.26"]

1. f4 d5 2. Nf3 Nf6 3. g3 Nc6 4. Bg2 g6 5. O-O Bg7 6. d3 O-O 7. c3 e6 8. Kh1
Re8 9. Ne5 Nd7 10. Nxc6 bxc6 11. e4 Nb6 12. e5 Qe7 13. Nd2 Ba6 14. Nf3 Red8 15.
Re1 Rab8 16. Be3 c5 17. Bf2 c4 18. d4 Rb7 19. b4 Bb5 20. a4 Be8 21. a5 Nd7 22.
g4 c6 23. Bh4 f6 24. f5 Bf7 25. g5 fxe5 26. f6 Nxf6 27. gxf6 Bxf6 28. Bxf6 Qxf6
29. Nxe5 Rc7 30. Qg4 Qf5 31. Qg3 Rdc8 32. Rf1 Qh5 33. Ra2 Re7 34. Raf2 Rcc7 35.
Bh3 g5 36. Rxf7 Rxf7 37. Bxe6 1-0

[Event "13. Open Popular Bahia de los Naranjos"]
[Site "Cullera ESP"]
[Date "2010.07.31"]
[Round "7.7"]
[White "Gerona Maura, Jesus"]
[Black "Sos Andreu, Erik"]
[Result "0-1"]
[WhiteElo "2044"]
[BlackElo "1940"]
[PlyCount "56"]
[EventDate "2010.07.26"]
[EventType "swiss"]
[EventRounds "8"]
[EventCountry "ESP"]
[Source "lmi"]
[SourceDate "2010.07.26"]

1. e4 c5 2. Nf3 d6 3. d4 cxd4 4. Nxd4 Nf6 5. Nc3 a6 6. f4 e5 7. Nf3 Qc7 8. Bd3
Nc6 9. a3 h6 10. O-O exf4 11. Bxf4 Ne5 12. Nd5 Nxd5 13. exd5 Nxd3 14. Qxd3 Be7
15. Rae1 O-O 16. c4 b5 17. cxb5 axb5 18. Rc1 Qd7 19. Nd4 Bf6 20. Kh1 Ra4 21. b4
Bxd4 22. Qxd4 Rxa3 23. Rc6 Qf5 24. Rxd6 g5 25. Rf6 Rd3 26. Qb2 Qxd5 27. Rxh6 f6
28. Bg3 Rd2 0-1

[Event "13. Open Popular Bahia de los Naranjos"]
[Site "Cullera ESP"]
[Date "2010.07.31"]
[Round "8.1"]
[White "Martinez Tormo, Jorge"]
[Black "Bas Mas, Jose Joaquin"]
[Result "1-0"]
[WhiteElo "2175"]
[BlackElo "2030"]
[PlyCount "87"]
[EventDate "2010.07.26"]
[EventType "swiss"]
[EventRounds "8"]
[EventCountry "ESP"]
[Source "lmi"]
[SourceDate "2010.07.26"]

1. e4 c5 2. Nf3 e6 3. d4 cxd4 4. Nxd4 a6 5. Nc3 b5 6. Bd3 Qb6 7. Nb3 Qc7 8. O-O
Nf6 9. Be3 Bb7 10. a3 d6 11. f4 Be7 12. Qf3 Nbd7 13. Rae1 O-O 14. Qh3 Rfe8 15.
g4 Nf8 16. g5 N6d7 17. f5 Ne5 18. f6 Bd8 19. Bd4 Nfg6 20. Qh5 Nxd3 21. cxd3 e5
22. Be3 Bc8 23. Re2 Be6 24. Rf3 Bxb3 25. Rh3 gxf6 26. Qxh7+ Kf8 27. Rh6 fxg5
28. Rxg6 Ke7 29. Nd5+ Bxd5 30. exd5 Rf8 31. Bxg5+ Ke8 32. Bxd8 Qxd8 33. Rg3 Rc8
34. Qh6 Qd7 35. d4 f6 36. Rg7 Rf7 37. Qg6 Qb7 38. dxe5 Rc1+ 39. Kf2 dxe5 40.
Rd2 Qc7 41. b4 Qa7+ 42. Ke2 Rc4 43. Rg8+ Ke7 44. d6+ 1-0

[Event "13. Open Popular Bahia de los Naranjos"]
[Site "Cullera ESP"]
[Date "2010.07.31"]
[Round "8.2"]
[White "Montoliu Cervero, Francisco"]
[Black "Tejedor Ariza, Francisco"]
[Result "1-0"]
[WhiteElo "2153"]
[BlackElo "2107"]
[PlyCount "123"]
[EventDate "2010.07.26"]
[EventType "swiss"]
[EventRounds "8"]
[EventCountry "ESP"]
[Source "lmi"]
[SourceDate "2010.07.26"]

1. e4 c5 2. Nf3 e6 3. d4 cxd4 4. Nxd4 Nf6 5. Nc3 Bb4 6. Bd3 Nc6 7. Nxc6 bxc6 8.
Bd2 d5 9. e5 Nd7 10. f4 a5 11. O-O Qb6+ 12. Kh1 g6 13. b3 Ba6 14. Na4 Qb7 15.
Qe2 Bxd2 16. Qxd2 Bxd3 17. cxd3 c5 18. Rfc1 Qb5 19. Rc2 O-O 20. Rac1 Rfc8 21.
Qe3 d4 22. Qe4 Ra6 23. Rc4 Rac6 24. Qe2 Nb6 25. Nxb6 Qxb6 26. Qc2 R6c7 27. a3
Qc6 28. b4 axb4 29. axb4 Qd5 30. bxc5 g5 31. c6 gxf4 32. Rc5 Qd8 33. Qf2 Qg5
34. Qxd4 Rd8 35. Qe4 Qg6 36. Qxg6+ hxg6 37. R1c3 Kg7 38. Kg1 f6 39. exf6+ Kxf6
40. Kf2 e5 41. Kf3 Rd6 42. R5c4 Kf5 43. g4+ fxg3 44. hxg3 Ke6 45. Ke4 Rd5 46.
g4 Ra5 47. Rc5 Ra4+ 48. R3c4 Rxc4+ 49. Rxc4 Kd6 50. g5 Ke6 51. Rc1 Kd6 52. Rf1
Rg7 53. Rf6+ Kc7 54. Kxe5 Re7+ 55. Re6 Rg7 56. Kf6 Rg8 57. Ke5 Kb6 58. d4 Rg7
59. d5 Kc5 60. Re8 Rh7 61. Rd8 Rh1 62. c7 1-0

[Event "13. Open Popular Bahia de los Naranjos"]
[Site "Cullera ESP"]
[Date "2010.07.31"]
[Round "8.3"]
[White "Gonzalvez Perales, Jose Luis"]
[Black "Muñoz Orts, German"]
[Result "0-1"]
[WhiteElo "2035"]
[BlackElo "2199"]
[PlyCount "62"]
[EventDate "2010.07.26"]
[EventType "swiss"]
[EventRounds "8"]
[EventCountry "ESP"]
[Source "lmi"]
[SourceDate "2010.07.26"]

1. e4 e6 2. d3 d5 3. Nd2 Nf6 4. Ngf3 c5 5. g3 Nc6 6. Bg2 Be7 7. O-O Qc7 8. exd5
exd5 9. d4 O-O 10. dxc5 Bxc5 11. Nb3 Bb6 12. Bf4 Qd8 13. Nbd4 Bg4 14. Nxc6 bxc6
15. Qd3 Rc8 16. Ne5 Be6 17. Rad1 Ng4 18. b3 g5 19. Qf3 Nxf2 20. Rxf2 gxf4 21.
gxf4 Qh4 22. Rdf1 f6 23. Nd3 Bf5 24. Kh1 Bxf2 25. Nxf2 Kh8 26. Rg1 Rc7 27. Nd1
Rg7 28. Ne3 Be4 29. Qe2 Rfg8 30. Qf1 Qh3 31. Qf2 d4 0-1

[Event "13. Open Popular Bahia de los Naranjos"]
[Site "Cullera ESP"]
[Date "2010.07.31"]
[Round "8.4"]
[White "Cabero Feliciano, Guillermo"]
[Black "Remolar Gallen, Jose"]
[Result "1-0"]
[WhiteElo "2080"]
[BlackElo "1983"]
[PlyCount "85"]
[EventDate "2010.07.26"]
[EventType "swiss"]
[EventRounds "8"]
[EventCountry "ESP"]
[Source "lmi"]
[SourceDate "2010.07.26"]

1. d4 Nf6 2. Nf3 e6 3. Bg5 d5 4. e3 Nbd7 5. Bd3 h6 6. Bh4 Bd6 7. O-O O-O 8.
Nbd2 c6 9. c4 Qc7 10. c5 Be7 11. Bg3 Qd8 12. h3 b6 13. b4 a5 14. a3 Ba6 15. Qc2
Qc8 16. Rfb1 axb4 17. axb4 Bxd3 18. Qxd3 b5 19. Ra3 Bd8 20. Rba1 Rxa3 21. Qxa3
Bc7 22. Ne5 Nxe5 23. dxe5 Nd7 24. f4 f6 25. exf6 Nxf6 26. Nf3 Ne4 27. Bh2 g5
28. Qa6 Qe8 29. Qb7 Qe7 30. Ra7 Rf7 31. Ne5 Rg7 32. Qxc6 gxf4 33. exf4 Qh4 34.
Qxe6+ Kh8 35. Ra8+ Bd8 36. Nd3 Qh5 37. Rxd8+ Kh7 38. Nf2 Qh4 39. Qf5+ Rg6 40.
Rd7+ Kh8 41. Qe5+ Nf6 42. g4 Kg8 43. Qb8+ 1-0